Score 0/16 Timer 03:00
1 Play Today
Band Name Missing Food % Correct
Blue _____ CultÖyster
88.9%
Humble _____Pie
79.4%
_____ GirlsSpice
59.6%
_____ Alarm ClockStrawberry
51.4%
Wild _____Cherry
50.1%
The Flying _____ BrothersBurrito
32.6%
Neutral _____ HotelMilk
32.3%
Moby _____Grape
27.6%
Band Name Missing Food % Correct
Iron & _____Wine
25.3%
Jimmy's _____ ShackChicken
24.1%
_____ PipersLemon
19.4%
_____ DreamTangerine
17.1%
Hot _____Tuna
14.5%
The Moldy _____Peaches
14.2%
The Electric _____Prunes
13%
Ultimate _____Spinach
5.2%

Today's Daily Dose

Missing Word
'T' Pairs

Word Ladder
Game Pieces

Get the Picture
Baseball Movies

Remove Ads.
Support Sporcle.
Get the best of Sporcle when you Go Orange. This ad-free experience offers more features, more stats, and more fun while also helping to support Sporcle. Thank you for becoming a member.

You're not logged in!

Compare scores with friends on all Sporcle quizzes.
OR
Log In

Show Comments

Extras

Top Quizzes Today


Score Distribution

Your Account Isn't Verified!

In order to create a playlist on Sporcle, you need to verify the email address you used during registration. Go to your Sporcle Settings to finish the process.

Report this User

Report this user for behavior that violates our Community Guidelines.

Details: